| 000 | 00000nam 2200000zi 4500 |
| 001 | 9.559410 |
| 003 | CaOODSP |
| 005 | 20210929091132 |
| 007 | cr ||||||||||| |
| 008 | 150406s2005||||xxc|||||o f|0| 0 eng d |
| 020 | |a0662404793 |
| 022 | |a1717-6980 |
| 040 | |aCaOODSP|beng |
| 043 | |an-cn--- |
| 086 | 1 |aFo123-1/105E-PDF |
| 100 | 1 |aVerkley, Lisa, |eauthor. |
| 245 | 14|aThe Ontario Research Sites Database Project / |cLisa Verkley, Dan McKenney, Guy Smith. |
| 264 | 1|bNatural Resources Canada, |c[2005] |
| 300 | |a1 online resource (4 pages) : |bcoloured map, figure, table. |
| 336 | |atext|btxt|2rdacontent |
| 337 | |acomputer|bc|2rdamedia |
| 338 | |aonline resource|bcr|2rdacarrier |
| 490 | 1 |aFrontline, forestry research applications. Technical note, |x1717-6980 ; |vNo. 105 |
| 590 | |a06-25|b2006-06-23 |
| 690 | 07|aDatabases|2gcpds |
| 710 | 1 |aCanada. |bNatural Resources Canada. |bCanadian Forest Service, |eissuing body. |
| 775 | 08|tLe projet de base de données sur les sites de recherche en Ontario / |w(CaOODSP)9.601138 |
| 830 | #0|aFrontline, forestry research applications. Technical note,|x1717-6980|vNo. 105|w(CaOODSP)9.504873 |
| 856 | 40|ahttp://publications.gc.ca|qPDF|s328 KB|uhttps://publications.gc.ca/collections/Collection/Fo123-1-105E.pdf|yNo. 105 |